Sozial- und Wirtschaftsgeographie 1 Bevölkerung und Ökumene. Ländliche und städtische Siedlungen. Zentrale Orte. Studienausgabe

Salvato in:
Dettagli Bibliografici
Natura: Libro
Lingua:tedesco
Pubblicazione: München List 1980
Edizione:1. Aufl.
Serie:HARMS Handbuch der Geographie
Soggetti:
Tags: Aggiungi Tag
Nessun Tag, puoi essere il primo ad aggiungerne!!

MARC

LEADER 00000nam a2200000 4500
001 c019294
005 20230110135224.2
020 |a 3-471-18810-X 
041 0 |a ger 
044 |a DE 
245 1 0 |a Sozial- und Wirtschaftsgeographie 1  |b Bevölkerung und Ökumene. Ländliche und städtische Siedlungen. Zentrale Orte. Studienausgabe 
250 |a 1. Aufl. 
264 1 |a München  |b List  |c 1980 
300 |a 360 s. 
490 1 |a HARMS Handbuch der Geographie 
830 0 |a HARMS Handbuch der Geographie 
610 2 0 |a geografia hospodárska 
610 2 0 |a procesy sociálne 
610 2 0 |a obyvateľstvo 
610 2 0 |a osídlenie 
610 2 0 |a osídľovanie 
610 2 0 |a regióny 
610 2 0 |a prostredie krajinné 
610 2 0 |a prostredie ekonomické 
610 2 0 |a problémy spoločenské 
610 2 0 |a svet 
610 2 0 |a mestá